000 00350pab a2200157 454500
008 180718b2008 xxu||||| |||| 00| 0 eng d
100 _aSingh, Gurmeet
245 _aProblem of rural indebtness
260 _c2008
300 _ap.32-34.
362 _aApr
650 _aRural development
773 _aKurukshetra
908 _aN
909 _a77787
999 _c77787
_d77787